LIBRARY & INFORMATION CENTRE, KCAET, TAVANUR

ONLINE PUBLIC ACCESS CATALOGUE (OPAC)

Anaavrita beejikal / (Record no. 4806)

MARC details
000 -LEADER
fixed length control field 00558cam a2200229ua 4500
041 ## - LANGUAGE CODE
Language code of text/sound track or separate title mal
082 ## - DEWEY DECIMAL CLASSIFICATION NUMBER
Classification number 585
Item number JOS/AN
100 ## - MAIN ENTRY--AUTHOR NAME
Personal name Joseph, T V .
245 ## - TITLE STATEMENT
Title Anaavrita beejikal /
250 ## - EDITION STATEMENT
Edition statement 1 /
260 ## - PUBLICATION, DISTRIBUTION, ETC. (IMPRINT)
Place of publication Thiruvananthapuram :
Name of publisher State Instititute of Languages ,
Year of publication 1971.
300 ## - PHYSICAL DESCRIPTION
Number of Pages 176 ; .
700 1# - ADDED ENTRY--PERSONAL NAME
Personal name Appachan , M M .
942 ## - ADDED ENTRY ELEMENTS (KOHA)
Koha item type Books
Holdings
Withdrawn status Lost status Damaged status Home library Current library Date acquired Full call number Accession Number Koha item type
      KAUAET KAUAET 07/04/2012 585 13497 Books
      KAUAET KAUAET 07/04/2012 585 13500 Books
      KAUAET KAUAET 07/04/2012 585 13499 Books
      KAUAET KAUAET 07/04/2012 585 13498 Books
free website counter